|
|
|
|
| LEADER |
00000nam0a2200000 4500 |
| 001 |
250204 |
| 005 |
20231101232536.0 |
| 010 |
|
|
|a 5120005357
|
| 035 |
|
|
|a (RuTPU)RU\TPU\book\272381
|
| 090 |
|
|
|a 250204
|
| 100 |
|
|
|a 20140211d1989 k y0rusy50 ca
|
| 101 |
0 |
|
|a rus
|
| 102 |
|
|
|a UA
|
| 105 |
|
|
|a a z 001zy
|
| 200 |
1 |
|
|a Метод суперпозиции сингулярных решений в осесимметричных задачах теории упругости
|f А. С. Овсянников, В. А. Стариков
|g Академия наук Украинской ССР (АН УССР), Институт математики
|
| 210 |
|
|
|a Киев
|c Наукова думка
|d 1989
|
| 215 |
|
|
|a 100 с.
|c ил.
|
| 320 |
|
|
|a Библиогр.: с. 96-97.
|
| 606 |
1 |
|
|a Упругость, теория
|x Численные методы
|2 stltpush
|3 (RuTPU)RU\TPU\subj\63154
|9 80198
|
| 610 |
1 |
|
|a метод суперпозиции
|
| 610 |
1 |
|
|a сингулярные уравнения
|
| 610 |
1 |
|
|a осесимметричные задачи
|
| 610 |
1 |
|
|a упругие среды
|
| 610 |
1 |
|
|a краевые задачи
|
| 610 |
1 |
|
|a напряженно-деформированное состояние
|
| 610 |
1 |
|
|a динамические нагрузки
|
| 675 |
|
|
|a 539.3:51
|v 3
|
| 700 |
|
1 |
|a Овсянников
|b А. С.
|g Анатолий Семенович
|
| 701 |
|
1 |
|a Стариков
|b В. А.
|g Владимир Анатольевич
|
| 712 |
0 |
2 |
|a Академия наук Украинской ССР (АН УССР)
|b Институт математики
|2 stltpush
|3 (RuTPU)RU\TPU\col\11281
|
| 801 |
|
1 |
|a RU
|b 63413507
|c 20140211
|
| 801 |
|
2 |
|a RU
|b 63413507
|c 20140215
|g RCR
|
| 942 |
|
|
|c BK
|